Medieval Panorama / (Record no. 187014)
[ view plain ]
| 000 -LEADER | |
|---|---|
| fixed length control field | 01162 a2200169 4500 |
| 003 - CONTROL NUMBER IDENTIFIER | |
| control field | Nust |
| 005 - DATE AND TIME OF LATEST TRANSACTION | |
| control field | 20230210125704.0 |
| 040 ## - CATALOGING SOURCE | |
| Transcribing agency | Nust |
| 082 ## - DEWEY DECIMAL CLASSIFICATION NUMBER | |
| Classification number | 956,COU |
| 100 ## - MAIN ENTRY--PERSONAL NAME | |
| Personal name | Coulton G.G |
| 9 (RLIN) | 108895 |
| 245 ## - TITLE STATEMENT | |
| Title | Medieval Panorama / |
| 260 ## - PUBLICATION, DISTRIBUTION, ETC. | |
| Place of publication, distribution, etc. | London |
| Name of publisher, distributor, etc. | Cambridge |
| Date of publication, distribution, etc. | 1945 |
| 505 ## - FORMATTED CONTENTS NOTE | |
| Formatted contents note | The Cauldron of Gods Wrath (Page-8), Bishop of Rome (Page-20), Feudalism Emerges (Page-45), Land and Folk (Page-57), The Village 1.2 (Page-68), Nature and Superstition (Page-103), Rector and Vicar (Page-137), Church Statistics (Page-154), The Flock 1.2 (Page-179), Dante’s Commedia (Page-207), Chivalry (Page-235), The Monastery (Page-258), The Town (Page-282), Home Life (Page-299), Trade and Travel (Page-331), The ghetto 1.2 (Page-346), From School to University (Page-385), Science (Page-433), Medicine (Page-444), The Papal Schism (Page-477), The Mystics (page-519) Artist Life (Page-555), Women’s Life (Page-614), The old and the New (Page-647), More and Utopia (Page-664), The Open Bible (Page-695), Peasant and Highbrow (Page-705), The Bursting of the Dykes (Page-720). |
| 600 ## - SUBJECT ADDED ENTRY--PERSONAL NAME | |
| Personal name | G.G.Coulton |
| 9 (RLIN) | 108896 |
| 650 ## - SUBJECT ADDED ENTRY--TOPICAL TERM | |
| Topical term or geographic name entry element | Medieval Panorama |
| 9 (RLIN) | 108897 |
| 942 ## - ADDED ENTRY ELEMENTS (KOHA) | |
| Source of classification or shelving scheme | |
| Koha item type | Book |
| Withdrawn status | Lost status | Source of classification or shelving scheme | Damaged status | Not for loan | Permanent Location | Current Location | Shelving location | Date acquired | Full call number | Barcode | Date last seen | Price effective from | Koha item type | Public note |
|---|---|---|---|---|---|---|---|---|---|---|---|---|---|---|
| Military College of Signals (MCS) | Military College of Signals (MCS) | General Stacks | 12/12/2016 | 956,COU | MCS29429 | 12/08/2016 | 12/12/2016 | Book | Almirah No.62, Shelf No.4 |
